Spain in decline, 1621-1700 / (Record no. 26193)
[ view plain ]
| 000 -LEADER | |
|---|---|
| fixed length control field | 00749nam a22002291a 4500 |
| 001 - CONTROL NUMBER | |
| control field | 26193 |
| 003 - CONTROL NUMBER IDENTIFIER | |
| rucl marc code | BD-RjUL |
| 005 - DATE AND TIME OF LATEST TRANSACTION | |
| control field | 20211209051001.0 |
| 008 - FIXED-LENGTH DATA ELEMENTS--GENERAL INFORMATION | |
| fixed length control field | 140320s19701957enkabc b 001 0 eng d |
| 035 ## - SYSTEM CONTROL NUMBER | |
| System control number | (BD-RjUL)26263 |
| 040 ## - CATALOGING SOURCE | |
| Original cataloging agency | NZOC |
| Language of cataloging | eng |
| Transcribing agency | NZOC |
| Modifying agency | NZOC |
| -- | BD-RjUL |
| 041 ## - LANGUAGE CODE | |
| Language code of text/sound track or separate title | eng |
| 082 04 - DEWEY DECIMAL CLASSIFICATION NUMBER | |
| Classification number | 946.052 |
| Author mark and year | DAS 1970 |
| 100 1# - MAIN ENTRY--PERSONAL NAME | |
| Personal name | Davies, R. Trevor |
| Fuller form of name | (Reginald Trevor) |
| 9 (RLIN) | 80502 |
| 245 10 - TITLE STATEMENT | |
| Title | Spain in decline, 1621-1700 / |
| Statement of responsibility, etc. | R. Trevor Davies. |
| 260 ## - PUBLICATION, DISTRIBUTION, ETC. (IMPRINT) | |
| Place of publication, distribution, etc. | London : |
| Name of publisher, distributor, etc. | Macmillan, |
| Date of publication, distribution, etc. | 1957 reprinted 1970]. |
| 300 ## - PHYSICAL DESCRIPTION | |
| Pagination | viii,180 p. : |
| Illustrations | illus., map, port. |
| Size | 22 cm. |
| 504 ## - BIBLIOGRAPHY, ETC. NOTE | |
| Bibliography, etc | Bibliography: p.165-170. and index. |
| 651 #0 - SUBJECT ADDED ENTRY--GEOGRAPHIC NAME | |
| Geographic name | Spain |
| General subdivision | History |
| Chronological subdivision | Philip IV, 1621-1665. |
| 9 (RLIN) | 80503 |
| Geographic name | Spain |
| General subdivision | History |
| Chronological subdivision | Charles II, 1665-1700. |
| 9 (RLIN) | 80504 |
| 942 ## - ADDED ENTRY ELEMENTS (KOHA) | |
| Source of classification or shelving scheme | Dewey Decimal Classification |
| Koha item type | Books |
| Lost status | Source of classification or shelving scheme | Damaged status | Not for loan | Collection code | Permanent Location | Current Location | Shelving location | Date acquired | Source of acquisition | Cost, normal purchase price | Total Checkouts | Full call number | Date last seen | Copy number | Koha item type |
|---|---|---|---|---|---|---|---|---|---|---|---|---|---|---|---|
| Dewey Decimal Classification | Non-fiction | Central Library, University of Rajshahi | Central Library, University of Rajshahi | 04/08/1972 | Book centre. | 27.50 | 946.052 DAS 1970 | 20/03/2014 | C-2 | Books | |||||
| Dewey Decimal Classification | Not For Loan | Non-fiction | Central Library, University of Rajshahi | Central Library, University of Rajshahi | Reading Room | 04/04/1967 | Euro pac. | 20.31 | 946.052 DAS 1970 | 04/02/2017 | C-1 | Books |